Statistics for All 1M+ Cities in Indonesia

Click here to take the quiz!

General Stats

  • This quiz has been taken 26 times
  • The average score is 9 of 14

Answer Stats

PopulationAnswer% Correct
2,444,160Bandung
100%
10,373,088Jakarta
100%
2,874,314Surabaya
100%
2,435,252Medan
89%
1,668,848Palembang
79%
1,653,524Semarang
74%
1,423,877Makassar
68%
2,543,676Bekasi
58%
1,895,486Tangerang
47%
1,196,396Batam
42%
1,354,350South Tangerang
42%
1,166,066Bandar Lampung
37%
2,056,335Depok
37%
1,043,070Bogor
26%

Score Distribution

Percentile by Number Answered

Percent of People with Each Score

Your Score History

You have not taken this quiz